| 000 | 01274nam a22002775a 4500 | ||
|---|---|---|---|
| 003 | OSt | ||
| 005 | 20170405142311.0 | ||
| 008 | 170404s2011 ua frb 000 0 ara d | ||
| 015 | _a2011 / 8589 | ||
| 020 | _a9782770467280 | ||
| 040 |
_aEG-ScBUE _bara _cEG-ScBUE |
||
| 043 | _ae-fr--- | ||
| 082 | 0 | 4 |
_a346.44048 _bأ ب و _222 |
| 100 | 1 | _aأبو النصر، ياسر عمر أمين. | |
| 245 | 1 | 2 |
_aالحماية القانونية للعطور وفقا لقانون حق المؤلف الفرنسي : _bفي ضوء آراء الفقه وأحكام القضاء / _cتأليف ياسر عمر أمين أبو النصر ؛ تقديم حسام الدين عبد الغني الصغير. |
| 260 |
_aالقاهرة : _bدار النهضة العربية، _c2011. |
||
| 300 |
_a184 ص. ؛ _c24 سم. |
||
| 500 | _aيشتمل على قائمة بالمختصرات. | ||
| 504 | _aيشتمل على إرجاعات ببليوجرافية. | ||
| 650 | 7 |
_aحقوق التأليف والنشر _xقوانين وتشريعات _zفرنسا. _2BUEsh |
|
| 650 | 7 |
_aحقوق التأليف والنشر (فقه إسلامي) _2BUEsh |
|
| 651 | _2BUEsh | ||
| 653 |
_bLLAAWW _cApril2017 |
||
| 700 | 1 |
_aصغير، حسام الدين عبد الغني، _eمقدم. |
|
| 942 | _2ddc | ||
| 999 |
_c24605 _d24577 |
||